| 000 | 00000nam 2200000zi 4500 |
| 001 | 9.954397 |
| 003 | CaOODSP |
| 005 | 20250825114421 |
| 006 | m o d f |
| 007 | cr cn |||||||| |
| 008 | 250822e20160120oncd obs f000 0 fre d |
| 040 | |aCaOODSP|bfre|erda|cCaOODSP |
| 043 | |an-cn--- |
| 086 | 1 |aCS82-003/2016-1-3F-PDF |
| 100 | 1 |aHennessy, Deirdre A., |eauteur. |
| 245 | 10|aIncidence du traitement aux statines sur la santé de la population au Canada / |cpar Deirdre A. Hennessy, Peter Tanuseputro, Meltem Tuna, Carol Bennett, Richard Perez, Margot Shields, Dennis T. Ko, Jack Tu et Douglas G. Manuel. |
| 264 | 1|a[Ottawa] : |bStatistique Canada = Statistics Canada, |cle 20 janvier 2016. |
| 264 | 4|c©2016 |
| 300 | |a1 ressource en ligne (pages 23-32). |
| 336 | |atexte|btxt|2rdacontent/fre |
| 337 | |ainformatique|bc|2rdamedia/fre |
| 338 | |aressource en ligne|bcr|2rdacarrier/fre |
| 490 | 1 |aRapports sur la santé, |x1209-1375 ; |vvol. 27, no. 1, [3] |
| 500 | |aPublié aussi en anglais sous le titre : Population health impact of statin treatment in Canada |
| 500 | |aTitre de la couverture. |
| 504 | |aComprend des références bibliographiques (pages 31-32). |
| 520 | 3 |a« Les statines sont prescrites pour traiter la dyslipidémie (concentration anormale de lipides comme le cholestérol et le gras dans le sang) et réduire le risque de maladie cardiovasculaire (MCV). La présente étude décrit le profil de risque de MCV des Canadiens de 20 à 79 ans, compare les tendances actuelles en matière de traitement aux recommandations des lignes directrices et examine l'incidence du traitement aux statines sur la santé de la population » -- Résumé, page 23. |
| 650 | 6|aStatines|zCanada|vStatistiques. |
| 650 | 6|aAppareil cardiovaculaire|xMaladies|zCanada. |
| 655 | 7|aStatistiques|2rvmgf |
| 710 | 2 |aStatistique Canada, |eorganisme de publication. |
| 775 | 08|tPopulation health impact of statin treatment in Canada / |w(CaOODSP)9.954398 |
| 830 | #0|aRapports sur la santé (Collection)|x1209-1375 ; |vvol. 27, no. 1, [3].|w(CaOODSP)9.950257 |
| 856 | 40|qPDF|s621 Ko|uhttps://publications.gc.ca/collections/collection_2025/statcan/82-003-x/CS82-003-2016-1-3-fra.pdf |
| 856 | 4 |qHTML|sS.O.|uhttps://www150.statcan.gc.ca/n1/pub/82-003-x/2016001/article/14305-fra.htm |
| 986 | |a82-003-X |